000 00968nam a22003137a 4500
001 BR8400363
003 BR-BrBNA
005 20230928091841.0
007 ta
008 230509b bl.||||| |||| 00| 0 por d
040 _aBR-BrBNA
_bpor
_cBiblioteca Nacional de Agricultura
041 _a(Por)
072 _aE50; E10
_b/G514
090 _ E50 BR8400363
100 1 _aDomingos Neto, M.
100 1 _aBorges, G.A.
110 1 _aFundacao Centro de Pesquisas Economicas e Sociais do Piaui, Teresina (Brasil)
245 1 _aSeca seculorum, flagelo e mito na economia rural piauiense [Brasil]
246 1 _a[Drought, calamity and myth in the rural economy of Piaui state [Brazil]]
260 3 _aTeresina, PI (Brasil):
_c1983.
300 _a154 p.
500 _aBibliography p. 147-154 (103 ref.)
650 _aECONOMIA AGRICOLA
650 _aSECA
650 _aCOMUNIDADE RURAL
650 _aPIAUI
909 _a202309
_bLucia
_c55
_dLucia Elande
942 _cBK
999 _c35879
_d35879